000 00594nam a2200229Ia 4500
003 OSt
005 20221005131905.0
006 a|||||r|||| 00| 0
007 ta
008 221004b |||||||| |||| 00| 0 eng d
024 _a53754
037 _cTextual
040 _aCRL
_cCRL
_beng
041 _2eng
_aeng
082 _aTxM61:9, K1
100 _aSarkar Sunil Chandra
_9640247
245 0 _aTagore's educational philosophy and experiment.
260 _c1961
650 _aEDUCATION
942 _hTxM61:9, K1
_cTEXL
_2cc
999 _c1061743
_d1061743